| 000 | 01686cam a22004574i 4500 | ||
|---|---|---|---|
| 003 | PE-LiUPU | ||
| 005 | 20250731184606.0 | ||
| 008 | 150616s r 000 0 d | ||
| 035 | _a(Sirsi) a7335 | ||
| 040 |
_aPE-LiUPU _bspa _cPE-LiUPU _erda |
||
| 049 | _aPRUA | ||
| 082 | 0 | 4 |
_a956.9401 _bT47 _221 |
| 100 | 1 |
_aThiele, Edwin R., _eautor. |
|
| 245 | 1 | 4 | _aThe Mysterious Numbers of the Hebrew Kings. |
| 264 | 1 |
_aGrand Rapids, Michigan : _bWm. B. Eerdmans Publishing Company, _c1965. |
|
| 300 |
_a232 páginas ; _c21 cm. |
||
| 336 |
_atext _2rdacontent |
||
| 337 |
_aunmediated _2rdamedia |
||
| 338 |
_avolume _2rdacarrier |
||
| 505 | 0 | _aThe Problems of Old Testament Chronology -- The Fundamental Principles of Hebrew Chronology -- The chronology of Israel and Judah, 9331-740 B.C. Patterns Twelve-twnty and Two-seventeen. The Siege and Fall of Samaria. The origin of the Book of Kings. old testament Israel Judah. | |
| 526 | _aP136 | ||
| 526 | _aP135 | ||
| 526 | _aP134 | ||
| 526 | _aP133 | ||
| 526 | _aP144 | ||
| 526 | _aP143 | ||
| 526 | _aP87 | ||
| 526 | _aP35 | ||
| 526 | _aP20 | ||
| 526 | _aP14 | ||
| 526 | _aP10 | ||
| 526 | _aP06 | ||
| 650 | 0 | 4 | _aGOBERNANTES. |
| 910 |
_ajck _bjvq _cjck |
||
| 942 |
_2ddc _cBOOK |
||
| 949 |
_a956.9401 T47 _wDEWEY _c1 _i40779 _lCCODEBUL1 _mBUL _p00.00 _r0 _sY _tBOOK _u19960305 _xTEOLOGIA _zUNKNOWN _0COMPRA _o.STAFF. Colección General |
||
| 994 |
_aC0 _bPEPRU |
||
| 596 | _a1 | ||
| 999 |
_a956.9401 T47 _wDEWEY _c58567 _i40779 _f2021-11-12 _g5 _lCCODEBUL1 _mBUL _r0 _sY _tBOOK _u2015-6-16 _xTEOLOGIA _zUNKNOWN _0COMPRA _o.STAFF. Colección General _d58567 |
||
| 980 |
_81 _gALBERTO SANCHEZ Responsable de Automatización |
||